000 00700nas a2200229 4500
001 BR9606653
003 BR-BrBNA
005 20231205094923.0
007 ta
008 230509b bl.|||p| |||| 00| 00por d
040 _aBR-BrBNA
_bpor
_cBiblioteca Nacional de Agricultura
041 _a(Pt)
072 _aH20
100 1 _aLopes, C.A.
245 1 _aDoencas causadas por bacterias em batata
650 _aBatata
650 _aBacteria
650 _aControle Quimico
773 0 _tInforme Agropecuario - Empresa de Pesquisa Agropecuaria de Minas Gerais (Brazil)
_xISSN 0100-3364
_g(1996), v. 18(184) p. 36-40, 53
_wBR9606653
909 _a202311
_bLúcia
_c55
_dLúcia Elande
942 _2AGRIS
_n0
_cANA
999 _c147737
_d147737